[Event "Rome Accademia Autumn"]
[Site "Rome"]
[Date "2010.10.10"]
[Round "5"]
[White "Di Giulio, Michele"]
[Black "Nazzarri, Errico"]
[Result "1-0"]
[WhiteElo "1669"]
[BlackElo "1383"]
[PlyCount "45"]
[EventDate "2010.10.08"]
[EventType "swiss"]
[EventRounds "5"]
[EventCountry "ITA"]
[SourceTitle "EXT 2024"]
[Source "ChessBase"]
[SourceDate "2023.10.10"]
[SourceVersion "1"]
[SourceVersionDate "2023.10.10"]
[SourceQuality "1"]

1. d4 d5 2. Nf3 e6 3. c4 Nf6 4. Nc3 Be7 5. Bg5 0-0 6. e3 Ne4 7. Bxe7 Qxe7 8. Nxe4 dxe4 9. Nd2 b6 10. Nxe4 Qb4+ 11. Qd2 Qa5 12. Qxa5 bxa5 13. Nc5 Nd7 14. Nb3 Rb8 15. Rb1 a4 16. Na5 Rb6 17. c5 Ba6 18. cxb6 Bxf1 19. Rxf1 axb6 20. Nc6 Ra8 21. Ke2 Kf8 22. Rfd1 Re8 23. Rbc1 1-0

[Event "Rome Accademia Autumn"]
[Site "Rome"]
[Date "2010.10.09"]
[Round "2"]
[White "Capitelli, Paolo"]
[Black "Di Giulio, Michele"]
[Result "1-0"]
[WhiteElo "2128"]
[BlackElo "1669"]
[PlyCount "25"]
[EventDate "2010.10.08"]
[EventType "swiss"]
[EventRounds "5"]
[EventCountry "ITA"]
[SourceTitle "EXT 2024"]
[Source "ChessBase"]
[SourceDate "2023.10.10"]
[SourceVersion "1"]
[SourceVersionDate "2023.10.10"]
[SourceQuality "1"]

1. e4 e5 2. Nf3 Nf6 3. Nxe5 Qe7 4. Nf3 Qxe4+ 5. Be2 Bc5 6. d4 Be7 7. 0-0 0-0 8. Re1 Re8 9. Bd3 Qc6 10. c4 d5 11. Ne5 Qb6 12. c5 Qb4 13. a3 1-0

[Event "Rome Accademia Autumn"]
[Site "Rome"]
[Date "2010.10.09"]
[Round "3"]
[White "Di Giulio, Michele"]
[Black "Lami, Damiano"]
[Result "0-1"]
[WhiteElo "1669"]
[BlackElo "1652"]
[PlyCount "98"]
[EventDate "2010.10.08"]
[EventType "swiss"]
[EventRounds "5"]
[EventCountry "ITA"]
[SourceTitle "EXT 2024"]
[Source "ChessBase"]
[SourceDate "2023.10.10"]
[SourceVersion "1"]
[SourceVersionDate "2023.10.10"]
[SourceQuality "1"]

1. d4 Nf6 2. c4 c5 3. e3 e6 4. Nf3 Be7 5. Bd3 Na6 6. a3 0-0 7. 0-0 Nc7 8. Qc2 cxd4 9. exd4 b6 10. Bg5 h6 11. Bh4 Bb7 12. Nbd2 d5 13. c5 bxc5 14. dxc5 Rc8 15. b4 Bc6 16. Ne5 Qe8 17. Ndf3 Ba4 18. Qe2 Nd7 19. Bg3 Bf6 20. Rac1 Nxe5 21. Nxe5 Bxe5 22. Bxe5 f6 23. Bd6 Rf7 24. Bg6 Bb5 25. Bd3 Bxd3 26. Qxd3 Qb5 27. Qc2 Ne8 28. Bg3 e5 29. Rfd1 Rd7 30. Qd3 Qxd3 31. Rxd3 Nc7 32. Rcd1 Rcd8 33. Kf1 g5 34. Ke2 a6 35. f3 Kf7 36. Bf2 d4 37. g3 Nb5 38. f4 Nc3+ 39. Rxc3 dxc3 40. Rxd7+ Rxd7 41. Be3 c2 42. c6 Rd1 43. a4 c1Q 44. Bxc1 Rxc1 45. b5 axb5 46. axb5 Rc5 47. Kd3 Rxb5 48. Kc4 Rb1 49. Kc5 Rc1+ 0-1

[Event "Rome Accademia Winter"]
[Site "Rome"]
[Date "2010.02.12"]
[Round "1"]
[White "Di Giulio, Michele"]
[Black "Stoyko, Maksym"]
[Result "0-1"]
[WhiteElo "1674"]
[BlackElo "2152"]
[PlyCount "90"]
[EventDate "2010.02.12"]
[EventType "swiss"]
[EventRounds "5"]
[EventCountry "ITA"]
[SourceTitle "EXT 2024"]
[Source "ChessBase"]
[SourceDate "2023.10.10"]
[SourceVersion "1"]
[SourceVersionDate "2023.10.10"]
[SourceQuality "1"]

1. d4 d5 2. c4 c6 3. e3 Bf5 4. Nf3 e6 5. Be2 Nd7 6. 0-0 h6 7. Nbd2 Ngf6 8. b3 Bd6 9. Bb2 Qb8 10. Re1 0-0 11. Nf1 a5 12. a3 Ne4 13. Ng3 Bh7 14. Bd3 f5 15. Qe2 g5 16. Nf1 Bg6 17. N3d2 Ndf6 18. f3 Nxd2 19. Qxd2 Kh7 20. Bc3 b6 21. b4 dxc4 22. Bxc4 e5 23. bxa5 b5 24. dxe5 Bxe5 25. Bb3 c5 26. Qb2 Bxc3 27. Qxc3 c4 28. Bc2 Qc7 29. Qb4 Qxa5 30. Qxa5 Rxa5 31. Reb1 Rfa8 32. Kf2 Rxa3 33. Rxa3 Rxa3 34. Ke1 Ra5 35. Kd2 Nd5 36. Ng3 f4 37. Bxg6+ Kxg6 38. exf4 gxf4 39. Ne4 b4 40. g3 Ra2+ 41. Kc1 Rxh2 42. gxf4 Rh1+ 43. Kb2 Rxb1+ 44. Kxb1 Nc3+ 45. Nxc3 bxc3 0-1